LDR 00686naa#a2200181#i#450# 001 EN\\bibl\122003 005 20260516082636.6 011 ## _a2658-638X 100 ## _a20260319b2026####ek#y0engy0150####ca 102 ## _aRU 200 1# _aPREVENTION OF VICTIM BEHAVIOR OF MINORS IN THE INFORMATION SPACE BY INSPECTORS OF JUVENILE AFFAIRS UNITS _eJournal article 210 1# _aMoscow _cMoscow University of the Ministry of Internal Affairs of Russia named after V.Ya. Kikot _d2026 215 ## _a6 с. 608 ## _aJournal article _2local 675 ## _aФилософия. Психология. 1 _z 700 #1 _aMar'yasis _gIrina Borisovna 700 #1 _aGoncharova _gElizaveta Mihaylovna 856 4# _amosumvd.editorum.ru _u